A maidan view : (Record no. 4619)

MARC details
000 -LEADER
fixed length control field 00562 a2200181 4500
010 ## - LCCN (DPL NO)
LC control number ENG-86475
020 ## - INTERNATIONAL STANDARD BOOK NUMBER
International Standard Book Number 0143032178
Terms of availability 295.00
035 ## - SYSTEM CONTROL NUMBER
System control number EN-70008
037 ## - SOURCE OF ACQUISITION
Source of stock number/acquisition DBAD / PUB
082 14 - DEWEY DECIMAL CLASSIFICATION NUMBER
Classification number 796.358
100 1# - MAIN ENTRY--PERSONAL NAME
Personal name Bose, Mihir
245 1# - TITLE STATEMENT
Title A maidan view :
Statement of responsibility, etc by Mihir Bose
Remainder of title the magic of Indian cricket /
260 ## - PUBLICATION, DISTRIBUTION, ETC. (IMPRINT)
Place of publication, distribution, etc New Delhi
Name of publisher, distributor, etc Penguin Books India
Date of publication, distribution, etc 2006
270 ## - ADDRESS
Address 11, Community Centre, Panchsheel Park
City New Delhi
State or province West Bengal
300 ## - PHYSICAL DESCRIPTION
Extent xii, 372p.
Dimensions 20cm (Pbk)
500 ## - GENERAL NOTE
General note Includes index
942 ## - ADDED ENTRY ELEMENTS (KOHA)
Institution code [OBSOLETE] dpl
Item type English Books
Source of classification or shelving scheme Dewey Decimal Classification
Classification part 796.358
Call number suffix BOS
Holdings
Withdrawn status Lost status Not for loan Collection code Home library Current library Source of acquisition Cost, normal purchase price Full call number Barcode Copy number Cost, replacement price Koha item type
    Not For Loan Non-fiction D.B.Act.Division D.B.Act.Division DBAD/PUB 295.00 796.358 BOS EN-70008 1 295.00 English Books

© Delhi Public Library
Hit Counter
free hit counter